Statistics for American Countries With No Atlantic Coastline

Click here to take the quiz!

General Stats

  • This quiz has been taken 13,418 times
  • The average score is 4 of 5

Answer Stats

Country % Correct
Peru
91%
Bolivia
88%
Ecuador
88%
Paraguay
86%
El Salvador
78%

Score Distribution

Percentile by Number Answered

Percent of People with Each Score

Your Score History

You have not taken this quiz